বাংলাদেশ স্কুল ও মাদ্রাসা শিক্ষানীতি ও পাঠ্যক্রম : (Record no. 47458)
[ view plain ]
| 000 -LEADER | |
|---|---|
| fixed length control field | 01310nam a2200241 a 4500 |
| 001 - CONTROL NUMBER | |
| control field | 47458 |
| 003 - CONTROL NUMBER IDENTIFIER | |
| rucl marc code | BD-RjUL |
| 005 - DATE AND TIME OF LATEST TRANSACTION | |
| control field | 20211209054322.0 |
| 008 - FIXED-LENGTH DATA ELEMENTS--GENERAL INFORMATION | |
| fixed length control field | 160808s2003 bg ||||| |||| 00| 0 ben d |
| 020 ## - INTERNATIONAL STANDARD BOOK NUMBER | |
| International Standard Book Number | 9843207602 |
| Terms of availability | : Tk.130.00 |
| 035 ## - SYSTEM CONTROL NUMBER | |
| System control number | (BD-RjUL)47577 |
| 040 ## - CATALOGING SOURCE | |
| Original cataloging agency | BD-RjUL |
| Language of cataloging | ben |
| Transcribing agency | BD-RjUL |
| Modifying agency | BD-RjUL |
| 041 ## - LANGUAGE CODE | |
| Language code of text/sound track or separate title | ben |
| 082 ## - DEWEY DECIMAL CLASSIFICATION NUMBER | |
| Edition number | 23 |
| Classification number | 371.3095492 |
| Author mark and year | ISB 2003 |
| 100 ## - MAIN ENTRY--PERSONAL NAME | |
| Personal name | ইসলাম, এ. কে. এম. আজহারুল |
| 9 (RLIN) | 116971 |
| 245 10 - TITLE STATEMENT | |
| Title | বাংলাদেশ স্কুল ও মাদ্রাসা শিক্ষানীতি ও পাঠ্যক্রম : |
| Remainder of title | (মক্কা ঘোষণার আলোকে মূল্যায়ন) / |
| Statement of responsibility, etc. | এ. কে. এম. আজহারুল ইসলাম, মুহাম্মদ হাবীবুর রহমান |
| 260 ## - PUBLICATION, DISTRIBUTION, ETC. (IMPRINT) | |
| Place of publication, distribution, etc. | কেম্ব্রীজ : |
| Name of publisher, distributor, etc. | দি ইসলামিক একাডেমী, |
| Date of publication, distribution, etc. | ২০০৩. |
| 300 ## - PHYSICAL DESCRIPTION | |
| Pagination | xiii, ২৩৫ পৃ. : |
| Illustrations | চিত্র ; |
| Size | ২৬ সেমি. |
| 650 ## - SUBJECT ADDED ENTRY--TOPICAL TERM | |
| Topical term or geographic name as entry element | নির্দেশনা ও অধ্যয়নের পদ্ধতি |
| 9 (RLIN) | 144327 |
| Geographic subdivision | বাংলাদেশ |
| Topical term or geographic name as entry element | Methods of instruction and study |
| 9 (RLIN) | 135745 |
| Geographic subdivision | Bangladesh |
| 700 ## - ADDED ENTRY--PERSONAL NAME | |
| Personal name | রহমান, মুহাম্মদ হাবীবুর |
| 942 ## - ADDED ENTRY ELEMENTS (KOHA) | |
| Source of classification or shelving scheme | Dewey Decimal Classification |
| Koha item type | Books |
| Lost status | Source of classification or shelving scheme | Damaged status | Not for loan | Collection code | Permanent Location | Current Location | Shelving location | Date acquired | Source of acquisition | Cost, normal purchase price | Total Checkouts | Full call number | Date last seen | Copy number | Koha item type |
|---|---|---|---|---|---|---|---|---|---|---|---|---|---|---|---|
| Dewey Decimal Classification | Non-fiction | Central Library, University of Rajshahi | Central Library, University of Rajshahi | 02/09/2003 | Economic Dept. R.U. | 130.00 | B 371.3095492 ISB 2003 | 08/08/2016 | C-2 | Books | |||||
| Dewey Decimal Classification | Non-fiction | Central Library, University of Rajshahi | Central Library, University of Rajshahi | 02/09/2003 | Economic Dept. R.U. | 130.00 | B 371.3095492 ISB 2003 | 08/08/2016 | C-3 | Books | |||||
| Dewey Decimal Classification | Non-fiction | Central Library, University of Rajshahi | Central Library, University of Rajshahi | 02/09/2003 | Economic Dept. R.U. | 130.00 | B 371.3095492 ISB 2003 | 08/08/2016 | C-4 | Books | |||||
| Dewey Decimal Classification | Non-fiction | Central Library, University of Rajshahi | Central Library, University of Rajshahi | 02/09/2003 | Economic Dept. R.U. | 130.00 | B 371.3095492 ISB 2003 | 08/08/2016 | C-5 | Books | |||||
| Dewey Decimal Classification | Non-fiction | Central Library, University of Rajshahi | Central Library, University of Rajshahi | 02/09/2003 | Economic Dept. R.U. | 130.00 | B 371.3095492 ISB 2003 | 08/08/2016 | C-6 | Books | |||||
| Dewey Decimal Classification | Non-fiction | Central Library, University of Rajshahi | Central Library, University of Rajshahi | 02/09/2003 | Economic Dept. R.U. | 130.00 | B 371.3095492 ISB 2003 | 08/08/2016 | C-7 | Books | |||||
| Dewey Decimal Classification | Non-fiction | Central Library, University of Rajshahi | Central Library, University of Rajshahi | 02/09/2003 | Economic Dept. R.U. | 130.00 | B 371.3095492 ISB 2003 | 08/08/2016 | C-8 | Books | |||||
| Dewey Decimal Classification | Non-fiction | Central Library, University of Rajshahi | Central Library, University of Rajshahi | 02/09/2003 | Economic Dept. R.U. | 130.00 | B 371.3095492 ISB 2003 | 08/08/2016 | C-9 | Books | |||||
| Dewey Decimal Classification | Non-fiction | Central Library, University of Rajshahi | Central Library, University of Rajshahi | 02/09/2003 | Economic Dept. R.U. | 100.00 | B 371.3095492 ISB 2003 | 13/11/2016 | C-10 | Books | |||||
| Dewey Decimal Classification | Not For Loan | Non-fiction | Central Library, University of Rajshahi | Central Library, University of Rajshahi | Reading Room | 02/09/2003 | Economic Dept. R.U. | 100.00 | B 371.3095492 ISB 2003 | 13/11/2016 | C-1 | Books |